| 000 | 00705nam a2200181 a 4500 | ||
|---|---|---|---|
| 001 | 000027610 | ||
| 005 | 20200930030947.0 | ||
| 008 | 110401s1935 dr 000 0 spa d | ||
| 040 |
_aDO-SdBNP _bspa _cBNPHU |
||
| 082 |
_axxx _bR425G |
||
| 100 | 1 |
_aGómez, Manuel Ubaldo _954707 |
|
| 245 | 1 | 0 |
_aRepertorio alfabético de la jurisprudencia dominicana : _bsentencias de la Suprema Corte de Justicia, (1908 1933) / _cManuel Ubaldo Gómez, hijo. |
| 260 |
_aPalma de Mallorca, España : _bTalleres Gráficos de Fernado Soler Querolt, _c1935. |
||
| 300 |
_av. ; _c23 cm. |
||
| 500 | _aIncluye notas al pie de las páginas | ||
| 504 | _aIncluye referencias bibliográficas al pie de las páginas | ||
| 049 | _aBNPD | ||
| 999 |
_c27102 _d27102 |
||